<?xml version="1.0" encoding="UTF-8"?>
<record
    xmlns:xsi="http://www.w3.org/2001/XMLSchema-instance"
    xsi:schemaLocation="http://www.loc.gov/MARC21/slim http://www.loc.gov/standards/marcxml/schema/MARC21slim.xsd"
    xmlns="http://www.loc.gov/MARC21/slim">

  <leader>01073cam a2200289 a 4500</leader>
  <controlfield tag="001">205</controlfield>
  <controlfield tag="003">BR-CuiBMT</controlfield>
  <controlfield tag="005">20231117132427.0</controlfield>
  <controlfield tag="008">230829s2019    mgb           001 0 por d</controlfield>
  <datafield tag="020" ind1=" " ind2=" ">
    <subfield code="a">9788545006909</subfield>
  </datafield>
  <datafield tag="040" ind1=" " ind2=" ">
    <subfield code="a">BR-CuiBMT</subfield>
    <subfield code="c">BR-CuiBMT</subfield>
  </datafield>
  <datafield tag="080" ind1=" " ind2=" ">
    <subfield code="2">2007</subfield>
    <subfield code="a">351.94:336.148</subfield>
  </datafield>
  <datafield tag="090" ind1=" " ind2=" ">
    <subfield code="a">351.94:336.148</subfield>
    <subfield code="b">R335</subfield>
    <subfield code="c">2. ed.</subfield>
  </datafield>
  <datafield tag="245" ind1="0" ind2="0">
    <subfield code="a">Regimento interno e lei org&#xE2;nica do Tribunal de Contas da Uni&#xE3;o /</subfield>
    <subfield code="c">organiza&#xE7;&#xE3;o: J. U. Jacoby Fernandes.</subfield>
  </datafield>
  <datafield tag="250" ind1=" " ind2=" ">
    <subfield code="a">2. ed.</subfield>
  </datafield>
  <datafield tag="260" ind1=" " ind2=" ">
    <subfield code="a">Belo Horizonte :</subfield>
    <subfield code="b">F&#xF3;rum,</subfield>
    <subfield code="c">2019</subfield>
  </datafield>
  <datafield tag="300" ind1=" " ind2=" ">
    <subfield code="a">445 p. ;</subfield>
    <subfield code="c">14 cm</subfield>
  </datafield>
  <datafield tag="490" ind1="1" ind2=" ">
    <subfield code="a">Cole&#xE7;&#xE3;o Jacoby de direito p&#xFA;blico ;</subfield>
    <subfield code="v">v. 12</subfield>
  </datafield>
  <datafield tag="500" ind1=" " ind2=" ">
    <subfield code="a">Atualizado at&#xE9; a Lei n&#xBA; 13.866, de 26 de agosto de 2019, e Resolu&#xE7;&#xE3;o n&#xBA; 310, de 22 de maio de 2019.</subfield>
  </datafield>
  <datafield tag="500" ind1=" " ind2=" ">
    <subfield code="a">Edi&#xE7;&#xE3;o retirada da capa.</subfield>
  </datafield>
  <datafield tag="504" ind1=" " ind2=" ">
    <subfield code="a">Inclui &#xED;ndice.</subfield>
  </datafield>
  <datafield tag="650" ind1=" " ind2=" ">
    <subfield code="a">Tribunal de Contas da Uni&#xE3;o</subfield>
    <subfield code="x">Regimento interno</subfield>
  </datafield>
  <datafield tag="650" ind1=" " ind2=" ">
    <subfield code="a">Tribunal de Contas da Uni&#xE3;o</subfield>
    <subfield code="v">Legisla&#xE7;&#xE3;o</subfield>
    <subfield code="z">Brasil</subfield>
  </datafield>
  <datafield tag="700" ind1="1" ind2=" ">
    <subfield code="a">Fernandes, Jorge Ulisses Jacoby</subfield>
    <subfield code="4">org.</subfield>
  </datafield>
  <datafield tag="830" ind1=" " ind2="0">
    <subfield code="a">Cole&#xE7;&#xE3;o Jacoby de direito p&#xFA;blico ;</subfield>
    <subfield code="v">12</subfield>
  </datafield>
  <datafield tag="942" ind1=" " ind2=" ">
    <subfield code="2">udc</subfield>
    <subfield code="c">LV</subfield>
  </datafield>
  <datafield tag="952" ind1=" " ind2=" ">
    <subfield code="0">0</subfield>
    <subfield code="1">0</subfield>
    <subfield code="2">udc</subfield>
    <subfield code="4">0</subfield>
    <subfield code="7">0</subfield>
    <subfield code="a">BIBTCEMT</subfield>
    <subfield code="b">BIBTCEMT</subfield>
    <subfield code="d">2023-07-28</subfield>
    <subfield code="l">0</subfield>
    <subfield code="o">351.94:336.148 R335 2. ed.</subfield>
    <subfield code="p">BIBTCEMT23080184</subfield>
    <subfield code="r">2023-08-29</subfield>
    <subfield code="t">Ex. 1</subfield>
    <subfield code="w">2023-08-29</subfield>
    <subfield code="y">LV</subfield>
  </datafield>
  <datafield tag="999" ind1=" " ind2=" ">
    <subfield code="c">205</subfield>
    <subfield code="d">205</subfield>
  </datafield>
</record>
